<?xml version="1.0" encoding="UTF-8"?>
<record
    xmlns:xsi="http://www.w3.org/2001/XMLSchema-instance"
    xsi:schemaLocation="http://www.loc.gov/MARC21/slim http://www.loc.gov/standards/marcxml/schema/MARC21slim.xsd"
    xmlns="http://www.loc.gov/MARC21/slim">

  <leader>01175nam a22002057a 4500</leader>
  <controlfield tag="003">DO-SdBNP</controlfield>
  <controlfield tag="005">20210916101427.0</controlfield>
  <controlfield tag="007">ta</controlfield>
  <controlfield tag="008">210916e2017    dr ||||gr|||| 001 0dspa d</controlfield>
  <datafield tag="040" ind1=" " ind2=" ">
    <subfield code="a">DO-SdBNP</subfield>
    <subfield code="b">spa</subfield>
    <subfield code="c">BNPHU</subfield>
  </datafield>
  <datafield tag="082" ind1=" " ind2=" ">
    <subfield code="b">S161o</subfield>
  </datafield>
  <datafield tag="100" ind1="1" ind2=" ">
    <subfield code="9">2454</subfield>
    <subfield code="a">Almonte Salazar , Manuel Antonio</subfield>
    <subfield code="d">1955</subfield>
  </datafield>
  <datafield tag="245" ind1="1" ind2="0">
    <subfield code="a">Octubre 17:</subfield>
    <subfield code="b">algunas ense&#xF1;anzas de la revoluci&#xF3;n de octubre para la revoluci&#xF3;n dominicana /</subfield>
    <subfield code="c">Manuel Salazar</subfield>
  </datafield>
  <datafield tag="260" ind1=" " ind2=" ">
    <subfield code="a">Santo Domingo :</subfield>
    <subfield code="b">Partido Comunista del Trabajo -PCT-,</subfield>
    <subfield code="b">Mediabyte,</subfield>
    <subfield code="c">2017</subfield>
  </datafield>
  <datafield tag="300" ind1=" " ind2=" ">
    <subfield code="a">[47 p];</subfield>
    <subfield code="c">22 cm</subfield>
  </datafield>
  <datafield tag="505" ind1="0" ind2="0">
    <subfield code="a">Presentaci&#xF3;n.</subfield>
    <subfield code="t">I. La revoluci&#xF3;n de octubre fue resultado de un proceso revolucionario.--</subfield>
    <subfield code="t">II. Dial&#xE9;ctica de la revoluci&#xF3;n rusa: algunas categor&#xED;as de an&#xE1;lisis y la democr&#xE1;tica como antesala a la socialista.--</subfield>
    <subfield code="t">III. La lucha de masa y la direcci&#xF3;n del partido: la hegemon&#xED;a se conquista.--</subfield>
    <subfield code="t">IV. Un Partido Comunista de Masa.--</subfield>
    <subfield code="t">V. A manera de colof&#xF3;n: hay que asumir una actitud revolucionaria y abandonar el burocratismo conservador y el sectarismo.--</subfield>
    <subfield code="t">VI. Textos, bibliograf&#xED;a, consultados.</subfield>
  </datafield>
  <datafield tag="590" ind1=" " ind2=" ">
    <subfield code="a">Inventriado 2021 / MF</subfield>
  </datafield>
  <datafield tag="830" ind1=" " ind2=" ">
    <subfield code="a">Partido Comunista del Trabajo </subfield>
    <subfield code="9">79907</subfield>
  </datafield>
  <datafield tag="942" ind1=" " ind2=" ">
    <subfield code="2">ddc</subfield>
    <subfield code="c">LF2</subfield>
  </datafield>
  <datafield tag="952" ind1=" " ind2=" ">
    <subfield code="0">0</subfield>
    <subfield code="1">0</subfield>
    <subfield code="2">ddc</subfield>
    <subfield code="5">1</subfield>
    <subfield code="7">0</subfield>
    <subfield code="8">PD</subfield>
    <subfield code="a">BNPHU</subfield>
    <subfield code="b">PD</subfield>
    <subfield code="c">HD</subfield>
    <subfield code="d">2018-03-06</subfield>
    <subfield code="e">Donado por Editora Mediabyte</subfield>
    <subfield code="l">0</subfield>
    <subfield code="o">S161o</subfield>
    <subfield code="p">2021-26638</subfield>
    <subfield code="r">2021-09-16</subfield>
    <subfield code="w">2021-09-16</subfield>
    <subfield code="y">LFPD</subfield>
  </datafield>
  <datafield tag="952" ind1=" " ind2=" ">
    <subfield code="0">0</subfield>
    <subfield code="1">0</subfield>
    <subfield code="2">ddc</subfield>
    <subfield code="5">1</subfield>
    <subfield code="7">0</subfield>
    <subfield code="8">PD</subfield>
    <subfield code="a">BNPHU</subfield>
    <subfield code="b">PD</subfield>
    <subfield code="c">HD</subfield>
    <subfield code="d">2018-03-06</subfield>
    <subfield code="e">Donado por Editora Mediabyte</subfield>
    <subfield code="l">0</subfield>
    <subfield code="o">S161o</subfield>
    <subfield code="p">2021-26640</subfield>
    <subfield code="r">2021-09-16</subfield>
    <subfield code="t">e.2</subfield>
    <subfield code="w">2021-09-16</subfield>
    <subfield code="y">LFPD</subfield>
  </datafield>
  <datafield tag="952" ind1=" " ind2=" ">
    <subfield code="0">0</subfield>
    <subfield code="1">0</subfield>
    <subfield code="2">ddc</subfield>
    <subfield code="5">6</subfield>
    <subfield code="7">0</subfield>
    <subfield code="8">DS</subfield>
    <subfield code="a">BNPHU</subfield>
    <subfield code="b">GR</subfield>
    <subfield code="c">HD</subfield>
    <subfield code="d">2018-03-06</subfield>
    <subfield code="e">Donado por Editora Mediabyte</subfield>
    <subfield code="l">0</subfield>
    <subfield code="o">S161o</subfield>
    <subfield code="p">2021-26641</subfield>
    <subfield code="r">2021-09-16</subfield>
    <subfield code="t">e.3</subfield>
    <subfield code="w">2021-09-16</subfield>
    <subfield code="y">LFDS</subfield>
  </datafield>
  <datafield tag="999" ind1=" " ind2=" ">
    <subfield code="c">50537</subfield>
    <subfield code="d">50537</subfield>
  </datafield>
</record>
